WATER RESOURCES SYSTEMS (Record no. 16238)
[ view plain ]
| 000 -LEADER | |
|---|---|
| fixed length control field | 00342nam a22001457a 4500 |
| 003 - CONTROL NUMBER IDENTIFIER | |
| control field | OSt |
| 005 - DATE AND TIME OF LATEST TRANSACTION | |
| control field | 20211102095345.0 |
| 008 - FIXED-LENGTH DATA ELEMENTS--GENERAL INFORMATION | |
| fixed length control field | 211102b |||||||| |||| 00| 0 eng d |
| 040 ## - CATALOGING SOURCE | |
| Transcribing agency | HU |
| 082 ## - DEWEY DECIMAL CLASSIFICATION NUMBER | |
| Classification number | 627 CHA 2008 |
| 100 ## - MAIN ENTRY--PERSONAL NAME | |
| Personal name | Chander Subhash |
| 9 (RLIN) | 16598 |
| 245 ## - TITLE STATEMENT | |
| Title | WATER RESOURCES SYSTEMS |
| 300 ## - PHYSICAL DESCRIPTION | |
| Extent | 562p |
| Other physical details | P.C |
| Dimensions | 24CM |
| 942 ## - ADDED ENTRY ELEMENTS (KOHA) | |
| Source of classification or shelving scheme | Dewey Decimal Classification |
| Koha item type | Books like text book referance book |
| Suppress in OPAC | No |
| Withdrawn status | Lost status | Source of classification or shelving scheme | Damaged status | Not for loan | Collection code | Home library | Current library | Shelving location | Date acquired | Total Checkouts | Full call number | Barcode | Date last seen | Copy number | Price effective from | Koha item type |
|---|---|---|---|---|---|---|---|---|---|---|---|---|---|---|---|---|
| Dewey Decimal Classification | Damaged | Reference | Wondo Genet Library | Wondo Genet Library | General Stacks | 11/02/2021 | 627 CHA 2008 | WGCFNRL00004934 | 11/02/2021 | 1 | 11/02/2021 | Books like text book referance book | ||||
| Dewey Decimal Classification | Damaged | Reference | Wondo Genet Library | Wondo Genet Library | General Stacks | 11/02/2021 | 627 CHA 2008 | WGCFNRL00004935 | 11/02/2021 | 2 | 11/02/2021 | Books like text book referance book | ||||
| Dewey Decimal Classification | Damaged | Reference | Wondo Genet Library | Wondo Genet Library | General Stacks | 11/02/2021 | 627 CHA 2008 | WGCFNRL00004936 | 11/02/2021 | 3 | 11/02/2021 | Books like text book referance book |